Nazioni ospitanti Giochi Olimpici estivi - Statistics

Statistiche generali
  • Questo quiz è stato fatto 47 volte
  • Il punteggio medio è 28 su 30
Statistiche sulle risposte
Anno Nazione % Corretto
2008 Cina
100%
1964 Giappone
100%
2020 Giappone
100%
1960 Italia
100%
1904 Stati Uniti
100%
1932 Stati Uniti
100%
1984 Stati Uniti
100%
1996 Stati Uniti
100%
1956 Australia
98%
2000 Australia
98%
2016 Brasile
98%
1900 Francia
98%
1924 Francia
98%
2024 Francia
98%
1936 Germania
98%
1972 Germania Ovest
98%
1896 Grecia
98%
2004 Grecia
98%
1908 Regno Unito
98%
1948 Regno Unito
98%
2012 Regno Unito
98%
1992 Spagna
96%
1980 Unione Sovietica
96%
1976 Canada
93%
1968 Messico
91%
1912 Svezia
85%
1928 Paesi Bassi
83%
1988 Corea del Sud
80%
1920 Belgio
76%
1952 Finlandia
63%
Nessun quiz corrispondente trovato
Distribuzione punteggi
Percentuale di utenti per punteggio
Percentile per numero di risposta
I tuoi punteggi nel tempo
Non hai fatto questo quiz